<?xml version="1.0" encoding="UTF-8"?><?xml-stylesheet type="text/xsl" href="static/style.xsl"?><OAI-PMH xmlns="http://www.openarchives.org/OAI/2.0/" xmlns:xsi="http://www.w3.org/2001/XMLSchema-instance" xsi:schemaLocation="http://www.openarchives.org/OAI/2.0/ http://www.openarchives.org/OAI/2.0/OAI-PMH.xsd"><responseDate>2026-06-01T14:49:16Z</responseDate><request verb="GetRecord" identifier="oai:riuma.uma.es:10630/44763" metadataPrefix="marc">https://riuma.uma.es/rest/oai/request</request><GetRecord><record><header><identifier>oai:riuma.uma.es:10630/44763</identifier><datestamp>2026-01-24T00:46:54Z</datestamp><setSpec>com_10630_2254</setSpec><setSpec>col_10630_37956</setSpec></header><metadata><record xmlns="http://www.loc.gov/MARC21/slim" xmlns:dcterms="http://purl.org/dc/terms/" xmlns:doc="http://www.lyncode.com/xoai" xmlns:xsi="http://www.w3.org/2001/XMLSchema-instance" xsi:schemaLocation="http://www.loc.gov/MARC21/slim http://www.loc.gov/standards/marcxml/schema/MARC21slim.xsd">
   <leader>00925njm 22002777a 4500</leader>
   <datafield ind2=" " ind1=" " tag="042">
      <subfield code="a">dc</subfield>
   </datafield>
   <datafield ind2=" " ind1=" " tag="720">
      <subfield code="a">Benítez-Jiménez, María José</subfield>
      <subfield code="e">author</subfield>
   </datafield>
   <datafield ind2=" " ind1=" " tag="260">
      <subfield code="c">2023</subfield>
   </datafield>
   <datafield ind2=" " ind1=" " tag="520">
      <subfield code="a">En este estudio haremos referencia a ajusticiamientos en Málaga en un periodo extenso con el objetivo de ofrecer una fotografía fija de lugares que han sido escenarios de hechos crueles en la ciudad. Y más allá de esto, pretendemos transmitir qué ha habido detrás de esas ejecuciones: el miedo, el morbo, el dolor y la compasión. Respuestas diversas según de quien se tratara; sentimientos encontrados que forman parte del complejo entramado del ser humano. &#xd;
Los grandes logros y descubrimientos no han conseguido hacer de la muerte algo neutro, y aún siendo parte de la vida, su cuándo, su cómo, su dónde y porqué son enigmas cerrados, a no ser que una sentencia detalle cada uno de estos interrogantes. La pena de muerte  estuvo presente en nuestro país hasta la llegada de la democracia en 1978, si bien no quedó abolida, bajo cualquier circunstancia, hasta 1995 .&#xd;
El delito y sus consecuencias han representado un eje central en la gestión de la convivencia de cualquier sociedad y de cualquier época. El sentir popular de satisfacción al creer vengada una ofensa ha sido caldo de cultivo de graves errores que han desembocado en inercias repetidas a lo largo de los siglos.</subfield>
   </datafield>
   <datafield ind1="8" ind2=" " tag="024">
      <subfield code="a">Benítez Jiménez, M. J. (2023). Ajusticiamientos en la ciudad de Málaga desde el siglo XVI al XIX. En R. d. Vicente Martínez, J. C. Vizuete Mendoza, &amp; B. García Moreno (editores), Geografía de la crueldad. Lugares de ejecución 2 (pp. 179-208). Tirant lo Blanch.</subfield>
   </datafield>
   <datafield ind1="8" ind2=" " tag="024">
      <subfield code="a">978-84-1169-569-5</subfield>
   </datafield>
   <datafield ind1="8" ind2=" " tag="024">
      <subfield code="a">https://hdl.handle.net/10630/44763</subfield>
   </datafield>
   <datafield ind1="8" ind2=" " tag="024">
      <subfield code="a">10.36151/TLB_9788411695695</subfield>
   </datafield>
   <datafield tag="653" ind2=" " ind1=" ">
      <subfield code="a">Ejecuciones capitales y ejecutores</subfield>
   </datafield>
   <datafield ind2="0" ind1="0" tag="245">
      <subfield code="a">Ajusticiamientos en la ciudad de Málaga desde el siglo XVI al XIX.</subfield>
   </datafield>
</record>
</metadata></record></GetRecord></OAI-PMH>